000 00606nam a2200193 i 4500
001 22883
003 ES-MaACL
005 20240521124631.0
007 t|
008 021205s1976 sp ||||1| spa d
100 1 _aAlvar, Manuel,
_d1923-2001
_920583
245 1 3 _aEl dialecto riojano /
_cManuel Alvar.
260 _aMadrid :
_bGredos,
_c[1976]
300 _a180 p. ;
_c20 cm.
490 1 _aBiblioteca románica hispánica. III. Manuales ;
_v39
830 0 _aBiblioteca románica hispánica. III. Manuales ;
_v39
_9177701
852 _aES-MaACL
_jA-6125
_bR.94960
999 _c22883
_d22883